000 00922nam a22002655i 4500
999 _c27747
_d27718
003 EG-ScBUE
005 20191112130905.0
008 191112s2016 ii a f b 001 0 eng d
020 _a9789351381242
040 _aEG-ScBUE
_beng
_erda
_cEG-ScBUE
_dEG-ScBUE
082 0 4 _a418
_bKRI
_222
100 1 _aKrishnaswamy, N.
_eauthor.
245 1 0 _aModern applied linguistics :
_ban introduction /
_cN. Krishnaswamy, S. K. Verma, CIEFL, Hyderabad, and M. Nagarajan.
264 1 _aDaryagani, New Delhi :
_bTrinity / Laxmi Publications,
_c2016.
336 _atext
_btxt
_2rdacontent
337 _aunmediated
_bn
_2rdamedia
338 _avolume
_bnc
_2rdacarrier
504 _aIncludes bibliographical references and index.
650 7 _aApplied linguistics.
_2BUEsh
_95726
653 _bHHUUEENN
_cNovember2019
655 _vReading book
700 1 _aVerma, S. K.
_eauthor.
700 1 _aNagarajan, M.
_eauthor.
942 _2ddc
_cBB